Junior placement; a survey of junior-placement offices in public employment centers and in public-school systems of the United States, (Record no. 36330)

MARC details
000 -LEADER
fixed length control field 00964cam a22002411 4500
001 - CONTROL NUMBER
control field l 40000100
003 - CONTROL NUMBER IDENTIFIER
control field DLC
005 - DATE AND TIME OF LATEST TRANSACTION
control field 20260227111537.0
008 - FIXED-LENGTH DATA ELEMENTS--GENERAL INFORMATION
fixed length control field 820626s1940 xx a b 000 0 eng
010 ## - LIBRARY OF CONGRESS CONTROL NUMBER
LC control number l 40000100
035 ## - SYSTEM CONTROL NUMBER
System control number (OCoLC)14722997
040 ## - CATALOGING SOURCE
Original cataloging agency DLC
Transcribing agency DNLM
Modifying agency OCoLC
-- DLC
042 ## - AUTHENTICATION CODE
Authentication code premarc
050 00 - LIBRARY OF CONGRESS CALL NUMBER
Classification number HD6270
Item number .P35
060 0# - NATIONAL LIBRARY OF MEDICINE CALL NUMBER
Classification number W1
Item number UN6181 no.256 1940
100 1# - MAIN ENTRY--PERSONAL NAME
Personal name Palmer, Jane Hill.
245 10 - TITLE STATEMENT
Title Junior placement; a survey of junior-placement offices in public employment centers and in public-school systems of the United States,
Statement of responsibility, etc. by Jane H. Palmer ...
260 ## - PUBLICATION, DISTRIBUTION, ETC.
Place of publication, distribution, etc. Washington,
Name of publisher, distributor, etc. U.S. Govt. print. off.,
Date of publication, distribution, etc. 1940.
300 ## - PHYSICAL DESCRIPTION
Extent v, 134 p.
Other physical details ill.
410 10 - SERIES STATEMENT/ADDED ENTRY--CORPORATE NAME [OBSOLETE, CAN/MARC], [LOCAL, USA]
Corporate name or jurisdiction name as entry element United States.
Subordinate unit Children's Bureau.
Title of a work Publication
Volume number/sequential designation no. 256
500 ## - GENERAL NOTE
General note At head of title: United States Department of labor. Frances Perkins, secretary. Children's bureau. Katharine F. Lenroot, chief.
504 ## - BIBLIOGRAPHY, ETC. NOTE
Bibliography, etc. note "List of selected readings on junior placement": p. 134.

No items available.

Powered by Koha